Statistiche per Città secondarie n°6

Clicka qui per fare il quiz!

Statistiche generali

  • Questo quiz è stato fatto 53 volte
  • Il punteggio medio è 6 su 16

Statistiche sulle risposte

2a cittàPaesi% Corretto
CracoviaPolonia
100%
GöteborgSvezia
92%
VaduzLiechtenstein
86%
MariborSlovenia
62%
LimassolCipro
60%
KandaharAfghanistan
54%
SfaxTunisia
46%
NikšićMontenegro
28%
Esch-sur-AlzetteLuxembourg
12%
Port-GentilGabon
8%
Ciudad de la CostaUruguay
8%
SpeightstownBarbados
6%
PikineSenegal
4%
CharlestownSt Kitts e Nevis
2%
Ali SabiehGibuti
0%
YeiSudan del Sud
0%

Distribuzione punteggi

Percentile per numero di risposta

Percentuale di utenti per punteggio

I tuoi punteggi nel tempo

Non hai fatto questo quiz